| 000 | 00389nam a22001457a 4500 | ||
|---|---|---|---|
| 008 | 250626b |||||||| |||| 00| 0 eng d | ||
| 020 | _a9789389996807 | ||
| 050 |
_aSB 185.5 _b.S56 |
||
| 100 | _aSingh Geetika | ||
| 245 | _afundamentals of Crops Physiology | ||
| 260 |
_aDelhi, India _bJaya publishing House _c2022 |
||
| 300 | _a203p | ||
| 650 | _aFields crops- Physiology | ||
| 942 | _cBK | ||
| 999 |
_c3983 _d3983 |
||